| 000 | 00858nam a2200265 i 4500 | ||
|---|---|---|---|
| 001 | 178467 | ||
| 003 | ES-MaACL | ||
| 005 | 20250718094647.0 | ||
| 008 | 110602s1945 it f |||| |dita d | ||
| 080 | _a75 Sanzio, Raffaello | ||
| 100 | 1 |
_aOrtolani, Sergio. _9146848 |
|
| 245 | 1 | 0 |
_aRaffaello / _cSergio Ortolani. |
| 250 | _a2ª ed. | ||
| 260 |
_aBergamo : _bIstituto Italiano d'Arti Grafiche, _c1945. |
||
| 300 |
_a78, 144 p. de lám., [2] h. de lám. col. ; _c26 cm. |
||
| 490 | 1 |
_aI grandi artisti italiani ; _v6 |
|
| 500 | _aÍndices. | ||
| 504 | _aBibliografía: p. 73-74. | ||
| 546 | _aTexto en italiano. | ||
| 600 | 0 | 4 |
_aRaffaello, _d1483-1520 _9222299 |
| 710 | 2 |
_aIstituto Italiano d'Arti Grafiche. _9146842 |
|
| 830 | 0 |
_aI grandi artisti italiani ; _v6 _9190981 |
|
| 852 |
_aES-MaACL _jE-15216 _xOlim P-941 |
||
| 999 |
_c178467 _d178467 |
||